Statistics for Fully car manufacturing countries

Click here to take the quiz!

General Stats

  • This quiz has been taken 68 times
  • The average score is 11 of 13

Answer Stats

Cars produced in 2017Country% Correct
24,806,687China
98%
5,645,581Germany
98%
1,671,166United Kingdom
98%
3,033,216United States
98%
1,748,000France
97%
3,952,550India
97%
742,642Italy
95%
8,347,836Japan
95%
3,735,399South Korea
89%
1,348,029Russia
87%
226,000Sweden
85%
88,195Australia
74%
424,880Malaysia
31%

Score Distribution

Percentile by Number Answered

Percent of People with Each Score

Your Score History

You have not taken this quiz